Normal view
MARC view
- Woods, John W
Entry Corporate Name
001 - CONTROL NUMBER
- control field: 125269
003 - CONTROL NUMBER IDENTIFIER
- control field: NUST
005 - DATE AND TIME OF LATEST TRANSACTION
- control field: 20240821154524.0
008 - FIXED-LENGTH DATA ELEMENTS
- fixed length control field: 240821|| aca||aabn | a|a d
040 ## - CATALOGING SOURCE
- Original cataloging agency: NUST
- Transcribing agency: NUST
110 ## - HEADING--CORPORATE NAME
- Corporate name or jurisdiction name as entry element: Woods, John W
670 ## - SOURCE DATA FOUND
- Source citation: Work cat.: (NUST): Stark, Henry 65918, Probability and Random Processes with Applications to Signal Processing, 2002.
